Educar para la comunidad
Guardat en:
| Autor principal: | |
|---|---|
| Format: | Llibre |
| Idioma: | espanyol |
| Publicat: |
Buenos Aires
Humanitas
1970
|
| Col·lecció: | Educación Hoy Mañana, 3
|
| Matèries: | |
| Etiquetes: |
Afegir etiqueta
Sense etiquetes, Sigues el primer a etiquetar aquest registre!
|
MARC
| LEADER | 00000nam a2200000 a 4500 | ||
|---|---|---|---|
| 001 | UCU0482 | ||
| 003 | CL-VaPUC | ||
| 008 | 960322e19700000AG |||||||||||||||||spa|d | ||
| 082 | 0 | 4 | |a 370.114 |b OLI |2 21 |
| 100 | |a Lima, Lauro de Oliveira |e autor |9 339153 | ||
| 245 | 1 | 0 | |a Educar para la comunidad |
| 300 | |a 148 p | ||
| 942 | |c BK | ||
| 945 | |d 19960322 00:00:00 |a lriquelm | ||
| 260 | |a Buenos Aires |b Humanitas |c 1970 | ||
| 650 | 0 | |a Filosofía de la educación |9 258384 | |
| 650 | 0 | |a Valores |9 309628 | |
| 650 | 0 | |a Libertad de enseñanza |9 311567 | |
| 650 | 0 | |a Naturaleza humana |9 308593 | |
| 650 | 0 | |a Sistemas educacionales |9 324695 | |
| 650 | 0 | |a Conceptos morales |9 310606 | |
| 650 | 0 | |a Sociedad |9 307903 | |
| 650 | 0 | |a Libre albedrío |9 334583 | |
| 583 | |a last modification |c 19960322 00:00:00 |k Rodrigo Vera | ||
| 490 | 0 | |a Educación Hoy Mañana, 3 | |
| 999 | |c 245331 |d 245329 | ||
| 952 | |0 0 |1 0 |4 0 |6 370_114000000000000_OLI_1970 |7 0 |8 P |9 259803 |a BIBEDU |b BIBEDU |c BIBEDU_PB |d 2019-11-19 |i 1636235 |o 370.114 OLI 1970 |p 1636235 |r 2024-01-25 |w 2019-11-19 |y BK |k EDU | ||